| 000 | 00829nam a2200229 a 4500 | ||
|---|---|---|---|
| 001 | 000001749 | ||
| 005 | 20200929145703.0 | ||
| 008 | 090626s2005 cu 001 0 spa d | ||
| 020 | _a9789592602083 | ||
| 040 |
_aDO-SdBNP _bspa _cBNPHU |
||
| 082 |
_a778.53 _bC828p |
||
| 100 | 1 |
_aCortés, María Lourdes _95692 |
|
| 245 | 1 | 3 |
_aLa pantalla rota : _bcien años de cine en Centroamérica / _cMaría Lourdes Cortés. |
| 260 |
_aLa Habana, : _bCasa de las Américas, _c2005. |
||
| 300 |
_a611 p. ; _c21 cm. |
||
| 500 | _aIncluye índice | ||
| 586 | _aPremio de ensayo Ezequiel Martínez Estrada, Casa de las Américas, 2007 | ||
| 650 | 4 |
_aCine _zAmérica Central _xHistoria _95693 |
|
| 700 | 1 |
_aRuffinelli, Jorge _epról. _95694 |
|
| 730 | 0 | 2 |
_aCien años de cine en Centroamérica _95695 |
| 910 | _aValidado. Control de calidad MMOLINA | ||
| 999 |
_c1627 _d1627 |
||